[Event "Titled Tuesday intern op 25th Jul Early"]
[Site "Chess.com INT"]
[Date "2023.07.25"]
[Round "7"]
[White "Fontaine, Quentin"]
[Black "Mohammad Fahad, Rahman"]
[Result "0-1"]
[WhiteElo "2296"]
[BlackElo "2428"]
[PlyCount "76"]
[EventDate "2023.07.25"]
[EventType "swiss (blitz)"]
[EventRounds "11"]
[EventCountry "USA"]
[SourceTitle "EXT 2024"]
[Source "ChessBase"]
[SourceDate "2023.10.10"]
[SourceVersion "1"]
[SourceVersionDate "2023.10.10"]
[SourceQuality "1"]

1. Nf3 Nf6 2. g3 b5 3. Bg2 Bb7 4. 0-0 e6 5. d3 Be7 6. e4 0-0 7. Nbd2 c5 8. Re1 d6 9. Qe2 Nbd7 10. Nf1 a5 11. a4 bxa4 12. Rxa4 Bc6 13. Ra1 a4 14. e5 Nd5 15. exd6 Bxd6 16. Ne3 N7b6 17. Nd2 Nxe3 18. Qxe3 Bxg2 19. Kxg2 Nd5 20. Qe4 Be7 21. Rxa4 Bf6 22. Rxa8 Qxa8 23. Nc4 h6 24. Re2 Qa1 25. Be3 Bxb2 26. Bxc5 Rc8 27. Bd6 Nc3 28. Qb7 Rxc4 29. Rxe6 fxe6 30. dxc4 Ne2 31. Qc8+ Kh7 32. Qxe6 Qg1+ 33. Kh3 Qxf2 34. Qe4+ g6 35. Qe7+ Bg7 36. Kg4 Qf5+ 37. Kh4 g5+ 38. Kh5 Qh3# 0-1

[Event "Titled Tuesday intern op 25th Jul Early"]
[Site "Chess.com INT"]
[Date "2023.07.25"]
[Round "1"]
[White "Hansen, Eric"]
[Black "Fontaine, Quentin"]
[Result "1-0"]
[WhiteElo "2609"]
[BlackElo "2296"]
[PlyCount "107"]
[EventDate "2023.07.25"]
[EventType "swiss (blitz)"]
[EventRounds "11"]
[EventCountry "USA"]
[SourceTitle "EXT 2024"]
[Source "ChessBase"]
[SourceDate "2023.10.10"]
[SourceVersion "1"]
[SourceVersionDate "2023.10.10"]
[SourceQuality "1"]

1. e4 e5 2. Nf3 Nc6 3. Bb5 a6 4. Ba4 Nf6 5. d3 d6 6. c4 Bg4 7. h3 Bxf3 8. Bxc6+ bxc6 9. Qxf3 Nd7 10. Be3 Rb8 11. b3 g6 12. Nc3 Bg7 13. h4 h5 14. 0-0-0 Nf6 15. Kc2 Ng4 16. Bg5 Bf6 17. Bxf6 Qxf6 18. Qxf6 Nxf6 19. d4 Ng4 20. Rhf1 Nh2 21. Rfe1 Ng4 22. Re2 exd4 23. Rxd4 0-0 24. f3 Ne5 25. Na4 c5 26. Rdd2 Nc6 27. Kc1 Nd4 28. Re1 f5 29. exf5 gxf5 30. Nc3 c6 31. Ne2 Rbe8 32. Kd1 Nxe2 33. Rexe2 Rxe2 34. Kxe2 Rd8 35. Ke3 Kf7 36. Kf4 Kf6 37. Re2 Rg8 38. g3 a5 39. Re3 Rd8 40. Re2 Rb8 41. Rd2 Rd8 42. Re2 Rb8 43. g4 fxg4 44. fxg4 hxg4 45. h5 a4 46. Re3 axb3 47. axb3 d5 48. Kxg4 Rb4 49. Rf3+ Kg7 50. Kg5 dxc4 51. h6+ Kg8 52. Kg6 cxb3 53. h7+ Kh8 54. Rf8# 1-0

[Event "Titled Tuesday intern op 27th Jun Early"]
[Site "Chess.com INT"]
[Date "2023.06.27"]
[Round "1"]
[White "Fontaine, Quentin"]
[Black "Preotu, Razvan"]
[Result "0-1"]
[WhiteElo "2296"]
[BlackElo "2475"]
[PlyCount "88"]
[EventDate "2023.06.27"]
[EventType "swiss (blitz)"]
[EventRounds "11"]
[EventCountry "USA"]
[SourceTitle "EXT 2024"]
[Source "ChessBase"]
[SourceDate "2023.10.10"]
[SourceVersion "1"]
[SourceVersionDate "2023.10.10"]
[SourceQuality "1"]

1. e4 c5 2. Nc3 d6 3. d4 cxd4 4. Qxd4 Nc6 5. Qd2 g6 6. b3 Bh6 7. f4 Nf6 8. Bb2 0-0 9. 0-0-0 e5 10. g3 Re8 11. Bg2 Bg4 12. Nge2 exf4 13. gxf4 Bxe2 14. Nxe2 Nxe4 15. Bxe4 Rxe4 16. Qc3 Ne5 17. Rhe1 Rc8 18. Qh3 Qc7 19. c4 Nxc4 20. bxc4 Rxc4+ 21. Kb1 Rc2 22. Rc1 Bg7 23. Qxc8+ Qxc8 24. Rxc2 Qe6 25. Bxg7 Kxg7 26. Rcc1 Qh3 27. Nc3 Qxh2 28. Nd5 Qg2 29. Red1 h5 30. Rc7 h4 31. Rc2 Qe4 32. Rdd2 h3 33. Kb2 h2 34. Rxh2 Qxd5 35. Rcf2 Qd4+ 36. Kb1 Qe4+ 37. Kb2 d5 38. Rhg2 Kf6 39. f5 g5 40. Re2 Qb4+ 41. Kc2 d4 42. Re4 Qc3+ 43. Kd1 d3 44. Rd2 Qa1# 0-1

[Event "Titled Tuesday intern op 25th Apr Early"]
[Site "Chess.com INT"]
[Date "2023.04.25"]
[Round "3"]
[White "Aradhya, Garg"]
[Black "Fontaine, Quentin"]
[Result "1-0"]
[WhiteElo "2305"]
[BlackElo "2288"]
[PlyCount "71"]
[EventDate "2023.04.25"]
[EventType "swiss (blitz)"]
[EventRounds "11"]
[EventCountry "USA"]
[SourceTitle "EXT 2024"]
[Source "ChessBase"]
[SourceDate "2023.10.10"]
[SourceVersion "1"]
[SourceVersionDate "2023.10.10"]
[SourceQuality "1"]

1. d4 Nf6 2. c4 e6 3. Nc3 Bb4 4. e3 0-0 5. Bd2 d5 6. Nf3 b6 7. Qc2 Bb7 8. cxd5 exd5 9. Bd3 a6 10. Ne5 Bd6 11. f4 c5 12. 0-0 Nc6 13. Be1 cxd4 14. Nxc6 Bxc6 15. Ne2 Bb5 16. Bxb5 axb5 17. Nxd4 Bc5 18. Bh4 Bxd4 19. exd4 Qd6 20. Qe2 b4 21. Qe5 Qxe5 22. fxe5 Ne4 23. Be7 Rfc8 24. Bxb4 Rc4 25. a3 Rxd4 26. Rac1 Rc4 27. b3 Rxc1 28. Rxc1 h5 29. Rc6 Rb8 30. Kf1 f6 31. e6 g5 32. Ke2 Kh7 33. Ke3 Kg6 34. Kd4 Kf5 35. e7 Re8 36. Rxb6 1-0

[Event "Titled Tuesday intern op 25th Apr Early"]
[Site "Chess.com INT"]
[Date "2023.04.25"]
[Round "4"]
[White "Fontaine, Quentin"]
[Black "Berezin, Viktor1111"]
[Result "0-1"]
[WhiteElo "2288"]
[BlackElo "2307"]
[PlyCount "56"]
[EventDate "2023.04.25"]
[EventType "swiss (blitz)"]
[EventRounds "11"]
[EventCountry "USA"]
[SourceTitle "EXT 2024"]
[Source "ChessBase"]
[SourceDate "2023.10.10"]
[SourceVersion "1"]
[SourceVersionDate "2023.10.10"]
[SourceQuality "1"]

1. e4 g6 2. d4 Bg7 3. Nf3 d6 4. Be2 Nf6 5. Nc3 0-0 6. 0-0 c6 7. a4 Nbd7 8. Be3 e5 9. dxe5 dxe5 10. h3 Qc7 11. Bc4 Nh5 12. Ne2 Ndf6 13. g4 Nf4 14. Nxf4 exf4 15. Bc5 Rd8 16. Qe2 Nd7 17. Ba3 Ne5 18. Nxe5 Bxe5 19. Rad1 Bd7 20. Rd2 Be8 21. Rfd1 Kg7 22. c3 Rxd2 23. Qxd2 Bf6 24. Kg2 Rd8 25. Bd6 Qa5 26. e5 Bg5 27. b4 Qxa4 28. h4 f3+ 0-1

[Event "Titled Tuesday intern op 25th Apr Early"]
[Site "Chess.com INT"]
[Date "2023.04.25"]
[Round "1"]
[White "Fontaine, Quentin"]
[Black "Prohaszka, Peter"]
[Result "1-0"]
[WhiteElo "2288"]
[BlackElo "2584"]
[PlyCount "85"]
[EventDate "2023.04.25"]
[EventType "swiss (blitz)"]
[EventRounds "11"]
[EventCountry "USA"]
[SourceTitle "EXT 2024"]
[Source "ChessBase"]
[SourceDate "2023.10.10"]
[SourceVersion "1"]
[SourceVersionDate "2023.10.10"]
[SourceQuality "1"]

1. e4 c6 2. d4 d5 3. exd5 cxd5 4. Nf3 Nc6 5. Ne5 g6 6. c3 Bg7 7. Bf4 Nf6 8. Bd3 Bf5 9. Bxf5 gxf5 10. 0-0 0-0 11. Re1 Ne4 12. Nd3 e6 13. Nd2 Kh8 14. Re3 Ne7 15. Rh3 Nf6 16. Be5 Ng6 17. Bxf6 Qxf6 18. Qh5 h6 19. Nf3 Rad8 20. Re1 Rg8 21. Nfe5 Bf8 22. Ree3 Kh7 23. Reg3 Nh8 24. Nf4 a5 25. Rxg8 Kxg8 26. Rg3+ Bg7 27. Qd1 b5 28. Nh5 Qh4 29. Rxg7+ Kf8 30. g3 Qe7 31. Rh7 Kg8 32. Rxh6 Qg5 33. Rxh8+ Kxh8 34. Nxf7+ Kh7 35. Nxg5+ Kg6 36. h4 Re8 37. Nf4+ Kf6 38. Qh5 Ke7 39. Qf7+ Kd6 40. Qxe8 b4 41. Qxe6+ Kc7 42. Nxd5+ Kb7 43. Qb6+ 1-0

[Event "Cappelle op 39th"]
[Site "Cappelle la Grande"]
[Date "2023.02.19"]
[Round "2"]
[White "Fedorchuk, Sergey A"]
[Black "Fontaine, Quentin"]
[Result "1-0"]
[WhiteElo "2637"]
[BlackElo "2321"]
[PlyCount "91"]
[EventDate "2023.02.18"]
[EventType "swiss"]
[EventRounds "9"]
[EventCountry "FRA"]
[SourceTitle "CBM 213 Extra"]
[Source "ChessBase"]
[SourceDate "2023.05.31"]
[SourceVersion "1"]
[SourceVersionDate "2023.05.31"]
[SourceQuality "1"]

1. e4 c5 2. Nf3 d6 3. d4 cxd4 4. Nxd4 Nf6 5. Nc3 Nc6 6. Bg5 e6 7. Qd2 a6 8. 0-0-0 Bd7 9. Kb1 Nxd4 10. Qxd4 Be7 11. Be2 Qc7 12. f4 Bc6 13. Bf3 Rd8 14. Qe3 h6 15. Bh4 Nxe4 16. Bxe7 Nxc3+ 17. Qxc3 Kxe7 18. Qxg7 Bxf3 19. gxf3 Qc5 20. Qg4 Qf5 21. Qxf5 exf5 22. Rd5 Ke6 23. c4 b6 24. a4 Rc8 25. Re1+ Kd7 26. Rxf5 Rxc4 27. Rxf7+ Kc6 28. Rf6 Rxa4 29. Rc1+ Kd5 30. Rd1+ Rd4 31. Rxd4+ Kxd4 32. Rxd6+ Kc5 33. Rf6 a5 34. Kc2 b5 35. Kc3 Re8 36. Rf5+ Kb6 37. Re5 Rc8+ 38. Kd3 Rd8+ 39. Ke4 a4 40. f5 b4 41. f6 a3 42. bxa3 bxa3 43. Kf5 a2 44. Re1 Kc5 45. f7 Kc4 46. Kg6 1-0

[Event "BEL-chT 2122"]
[Site "Belgium"]
[Date "2022.05.01"]
[Round "5.6"]
[White "Fontaine, Quentin"]
[Black "Sterck, Arno"]
[Result "1/2-1/2"]
[WhiteElo "2327"]
[BlackElo "2262"]
[PlyCount "35"]
[EventDate "2021.10.24"]
[EventType "team-tourn"]
[EventRounds "11"]
[EventCountry "BEL"]
[SourceTitle "EXT 2023"]
[Source "ChessBase"]
[SourceDate "2022.10.05"]
[SourceVersion "1"]
[SourceVersionDate "2022.10.05"]
[SourceQuality "1"]
[WhiteTeam "Liege Crelel"]
[BlackTeam "KBSK Brugge"]
[WhiteTeamCountry "BEL"]
[BlackTeamCountry "BEL"]

1. e4 e5 2. Nf3 Nc6 3. Bc4 Nf6 4. d3 Bc5 5. Bg5 h6 6. Bh4 d6 7. a4 a6 8. c3 Ba7 9. 0-0 g5 10. Bg3 Bg4 11. Nbd2 0-0 12. Qc2 Nh5 13. b4 Nxg3 14. hxg3 Qf6 15. Rae1 Kg7 16. Nh2 h5 17. Ndf3 Bd7 18. Qd2 1/2-1/2

[Event "BEL-chT 2122"]
[Site "Belgium"]
[Date "2022.02.13"]
[Round "7.6"]
[White "Fontaine, Quentin"]
[Black "Blavier, Christian"]
[Result "1-0"]
[WhiteElo "2327"]
[BlackElo "1976"]
[PlyCount "51"]
[EventDate "2021.10.24"]
[EventType "team-tourn"]
[EventRounds "11"]
[EventCountry "BEL"]
[SourceTitle "EXT 2023"]
[Source "ChessBase"]
[SourceDate "2022.10.05"]
[SourceVersion "1"]
[SourceVersionDate "2022.10.05"]
[SourceQuality "1"]
[WhiteTeam "Liege Crelel"]
[BlackTeam "Tal"]
[WhiteTeamCountry "BEL"]
[BlackTeamCountry "BEL"]

1. d4 d6 2. Nf3 c6 3. c4 Nd7 4. Nc3 e5 5. Bg5 Be7 6. Bxe7 Qxe7 7. e3 Ngf6 8. Be2 0-0 9. 0-0 a6 10. b4 b6 11. Qb3 Bb7 12. a4 Rab8 13. a5 c5 14. dxc5 dxc5 15. b5 axb5 16. a6 bxc4 17. Bxc4 Ba8 18. Rfd1 e4 19. Nd2 Ne5 20. Nd5 Nxd5 21. Bxd5 Qh4 22. Nxe4 c4 23. Qb5 Ng4 24. h3 Bxd5 25. Qxd5 Rfd8 26. a7 1-0

[Event "BEL-chT 2122"]
[Site "Belgium"]
[Date "2021.12.05"]
[Round "3.6"]
[White "Fontaine, Quentin"]
[Black "Blom, Vincent"]
[Result "1-0"]
[WhiteElo "2327"]
[BlackElo "2322"]
[PlyCount "73"]
[EventDate "2021.10.24"]
[EventType "team-tourn"]
[EventRounds "11"]
[EventCountry "BEL"]
[SourceTitle "EXT 2023"]
[Source "ChessBase"]
[SourceDate "2022.10.05"]
[SourceVersion "1"]
[SourceVersionDate "2022.10.05"]
[SourceQuality "1"]
[WhiteTeam "Liege Crelel"]
[BlackTeam "Wachtebeke"]
[WhiteTeamCountry "BEL"]
[BlackTeamCountry "BEL"]

1. d4 Nf6 2. c4 e6 3. Nc3 d5 4. Nf3 Be7 5. Bf4 dxc4 6. e4 a6 7. Bxc4 b5 8. Bb3 b4 9. Na4 Nxe4 10. Qc2 Nd6 11. Rc1 c6 12. 0-0 0-0 13. Rfd1 a5 14. Ne5 Bg5 15. Qd2 Bh4 16. Nc5 Bf6 17. Ba4 Nb5 18. Qe3 Qb6 19. Qe4 Nd6 20. Qf3 Rd8 21. g4 Nb5 22. Be3 Rd5 23. Bb3 a4 24. Bxd5 exd5 25. Nxf7 Kxf7 26. g5 Nd7 27. Nxd7 Bxd7 28. gxf6 g6 29. Qf4 g5 30. Qf3 g4 31. Qf4 Rg8 32. Qh6 Bf5 33. Re1 Nd6 34. Qh5+ Kxf6 35. Qh6+ Bg6 36. Bg5+ Kf5 37. Re5# 1-0

[Event "BEL-ch"]
[Site "Bruges"]
[Date "2021.08.18"]
[Round "5"]
[White "Dgebuadze, Alexandre"]
[Black "Fontaine, Quentin"]
[Result "1/2-1/2"]
[WhiteElo "2488"]
[BlackElo "2324"]
[PlyCount "84"]
[EventDate "2021.08.14"]
[EventType "tourn"]
[EventRounds "9"]
[EventCountry "BEL"]
[EventCategory "7"]
[SourceTitle "CBM 203 Extra"]
[Source "ChessBase"]
[SourceDate "2021.09.30"]
[SourceVersion "1"]
[SourceVersionDate "2021.09.30"]
[SourceQuality "1"]

1. e4 c5 2. Nf3 d6 3. d4 cxd4 4. Nxd4 Nf6 5. Nc3 Nc6 6. Bc4 Qb6 7. Nde2 e6 8. 0-0 Be7 9. Bb3 a6 10. Kh1 0-0 11. Be3 Qc7 12. f4 b5 13. Ng3 Na5 14. Bd4 Nc6 15. a3 Nxd4 16. Qxd4 Qc5 17. Qd3 Kh8 18. Rae1 Bb7 19. f5 Qe5 20. Nd1 Rae8 21. a4 Bd8 22. axb5 axb5 23. Qc3 Bb6 24. Qxe5 dxe5 25. h3 h5 26. h4 g6 27. fxe6 fxe6 28. Rf3 Kg7 29. Nf2 Ng4 30. Nh3 Nf2+ 31. Nxf2 Rxf3 32. gxf3 Bxf2 33. Rd1 Kf6 34. Kg2 Bd4 35. c3 Bc5 36. Rd7 Re7 37. Rd8 Bb6 38. Rd6 Bc7 39. Rd1 Bc6 40. Ra1 Rd7 41. Nf1 Bb7 42. c4 bxc4 1/2-1/2

[Event "BEL-ch"]
[Site "Bruges"]
[Date "2021.08.16"]
[Round "3"]
[White "Vandenbussche, Thibaut"]
[Black "Fontaine, Quentin"]
[Result "0-1"]
[WhiteElo "2432"]
[BlackElo "2324"]
[PlyCount "40"]
[EventDate "2021.08.14"]
[EventType "tourn"]
[EventRounds "9"]
[EventCountry "BEL"]
[EventCategory "7"]
[SourceTitle "CBM 203 Extra"]
[Source "ChessBase"]
[SourceDate "2021.09.30"]
[SourceVersion "1"]
[SourceVersionDate "2021.09.30"]
[SourceQuality "1"]

1. e4 c5 2. Nf3 d6 3. Bb5+ Bd7 4. Bxd7+ Qxd7 5. 0-0 Nc6 6. c3 d5 7. exd5 Qxd5 8. d4 e6 9. Qa4 cxd4 10. Nxd4 Nf6 11. Nb5 Rc8 12. Bf4 e5 13. Re1 Nd7 14. Nxa7 Ra8 15. Qb5 Bc5 16. Qxb7 Rxa7 17. Qc8+ Nd8 18. Na3 Ra8 19. Qc7 Ne6 20. Nb5 Nxf4 0-1

[Event "FIDE World Uni Rapid-C 1st"]
[Site "Tornelo INT"]
[Date "2021.03.21"]
[Round "10"]
[White "Puppi Lazo, Stephanie Beatriz"]
[Black "Fontaine, Quentin"]
[Result "0-1"]
[WhiteElo "1992"]
[BlackElo "2324"]
[PlyCount "94"]
[EventDate "2021.03.20"]
[EventType "swiss (rapid)"]
[EventRounds "12"]
[EventCountry "NET"]
[SourceTitle "CBM 201 Extra"]
[Source "ChessBase"]
[SourceDate "2021.05.31"]
[SourceVersion "1"]
[SourceVersionDate "2021.05.31"]
[SourceQuality "1"]

1. e4 c5 2. Nf3 e6 3. c3 Nf6 4. e5 Nd5 5. d4 cxd4 6. cxd4 d6 7. Be2 dxe5 8. Nxe5 Nd7 9. 0-0 Nxe5 10. dxe5 Be7 11. Bb5+ Bd7 12. Qa4 Bxb5 13. Qxb5+ Qd7 14. Qb3 0-0 15. Nc3 Nxc3 16. Qxc3 Rac8 17. Qb3 Rc5 18. Be3 Rxe5 19. Bxa7 Rb5 20. Qc3 Bf6 21. Qe3 Rxb2 22. Bc5 Ra8 23. a3 Qb5 24. Rac1 Rb3 25. Qe4 Bb2 26. Rc2 Bxa3 27. Bxa3 Rbxa3 28. Rfc1 Ra1 29. h3 Rxc1+ 30. Rxc1 Qd5 31. Qb1 g6 32. Rc7 Qe5 33. Rc1 b5 34. Qb4 Ra1 35. Rxa1 Qxa1+ 36. Kh2 Qe5+ 37. g3 Qd5 38. Qa5 h5 39. h4 Qc4 40. Qa8+ Kg7 41. Qa1+ Kh7 42. Qa7 e5 43. Qe7 e4 44. Qe5 b4 45. g4 Qe6 46. Qc7 hxg4 47. Qb7 b3 0-1

[Event "FIDE World Uni Rapid-C 1st"]
[Site "Tornelo INT"]
[Date "2021.03.20"]
[Round "3"]
[White "Fontaine, Quentin"]
[Black "Anisa, Aay Aisyah"]
[Result "1-0"]
[WhiteElo "2324"]
[BlackElo "1999"]
[PlyCount "47"]
[EventDate "2021.03.20"]
[EventType "swiss (rapid)"]
[EventRounds "12"]
[EventCountry "NET"]
[SourceTitle "CBM 201 Extra"]
[Source "ChessBase"]
[SourceDate "2021.05.31"]
[SourceVersion "1"]
[SourceVersionDate "2021.05.31"]
[SourceQuality "1"]

1. c4 c5 2. Nf3 Nc6 3. e3 g6 4. d4 d6 5. d5 Nb8 6. Nc3 Bg7 7. h3 Nf6 8. e4 Nbd7 9. Bd3 a6 10. 0-0 0-0 11. Bf4 Nh5 12. Bh2 e5 13. dxe6 fxe6 14. Bxd6 Re8 15. e5 Nb8 16. Be4 Qd7 17. Qd2 Bf8 18. Bxf8 Rxf8 19. Rad1 Ra7 20. Qe3 Qc7 21. Rd6 b6 22. Rfd1 Ng7 23. Qh6 Bb7 24. Ng5 1-0

[Event "FIDE World Uni Rapid-C 1st"]
[Site "Tornelo INT"]
[Date "2021.03.20"]
[Round "2"]
[White "Perez Olaguivel, Rolando German"]
[Black "Fontaine, Quentin"]
[Result "0-1"]
[WhiteElo "1714"]
[BlackElo "2324"]
[PlyCount "54"]
[EventDate "2021.03.20"]
[EventType "swiss (rapid)"]
[EventRounds "12"]
[EventCountry "NET"]
[SourceTitle "CBM 201 Extra"]
[Source "ChessBase"]
[SourceDate "2021.05.31"]
[SourceVersion "1"]
[SourceVersionDate "2021.05.31"]
[SourceQuality "1"]

1. d4 Nf6 2. c4 b6 3. Nf3 Bb7 4. Nc3 e6 5. e3 d5 6. Be2 Nbd7 7. 0-0 Bd6 8. b3 0-0 9. Bb2 Ne4 10. Rc1 a6 11. a3 Qf6 12. b4 dxc4 13. Bxc4 Qh6 14. h3 Rfd8 15. Bd3 Ng5 16. Be2 Nxh3+ 17. gxh3 Qxh3 18. e4 Nf6 19. d5 Ng4 20. e5 Bxe5 21. Na4 Bh2+ 22. Kh1 Bf4+ 23. Kg1 Bxd5 24. Qd4 Bh2+ 25. Kh1 Bxf3+ 26. Bxf3 Be5+ 27. Kg1 Qh2# 0-1

[Event "FIDE World Uni Blitz-C 1st"]
[Site "Tornelo INT"]
[Date "2021.03.13"]
[Round "10.17"]
[White "Anisa, Aay Aisyah"]
[Black "Fontaine, Quentin"]
[Result "1-0"]
[WhiteElo "1999"]
[BlackElo "2324"]
[PlyCount "169"]
[EventDate "2021.03.13"]
[EventType "swiss (blitz)"]
[EventRounds "10"]
[EventCountry "NET"]
[SourceTitle "EXT 2022"]
[Source "ChessBase"]
[SourceDate "2021.10.06"]
[SourceVersion "1"]
[SourceVersionDate "2021.10.06"]
[SourceQuality "1"]

1. e4 c5 2. Nf3 e6 3. d4 cxd4 4. Nxd4 Nc6 5. c4 Nf6 6. Nxc6 bxc6 7. Bd3 e5 8. Nc3 Bc5 9. 0-0 d6 10. Kh1 Ng4 11. Be3 Qh4 12. h3 Nxe3 13. fxe3 Bxh3 14. Qd2 Be6+ 15. Kg1 0-0 16. Na4 Rab8 17. Nxc5 dxc5 18. Qf2 Qg5 19. Rad1 Rfd8 20. b3 Rd6 21. Be2 Rbd8 22. Rxd6 Rxd6 23. Rd1 Qd8 24. Rxd6 Qxd6 25. Qe1 Qb8 26. Qd2 Kf8 27. Qa5 Qb6 28. Qd2 Ke7 29. Kf2 Qb4 30. Qd1 Qc3 31. Qh1 h6 32. Qh4+ f6 33. Qg3 Kf8 34. Qg6 Qd2 35. Qh5 Qxa2 36. Qg6 Qd2 37. Qh5 Qc2 38. Qg6 a5 39. Kf1 Qb1+ 40. Kf2 Qb2 41. Kf1 Qxb3 42. Bh5 Bxc4+ 43. Kg1 Bf7 44. Qf5 Qe6 45. Qf3 Bxh5 46. Qxh5 a4 47. Qd1 a3 48. Qd8+ Kf7 49. Qa8 a2 50. Kh2 Kg6 51. Kg3 Kh7 52. Kh2 h5 53. Qa7 h4 54. Qa3 Qg4 55. Qxa2 Qg3+ 56. Kh1 Qxe3 57. Qc2 Qe1+ 58. Kh2 Qg3+ 59. Kh1 h3 60. gxh3 Qxh3+ 61. Kg1 Qg3+ 62. Kf1 Qf3+ 63. Ke1 Qe3+ 64. Kf1 Qf4+ 65. Kg2 Qe3 66. Kf1 Kg6 67. Qg2+ Kf7 68. Qa2+ Kg6 69. Qg2+ Qg5 70. Qc2 Qf4+ 71. Kg2 Kg5 72. Kh1 g6 73. Qg2+ Qg4 74. Qd2+ Qf4 75. Qg2+ Kh6 76. Qc2 f5 77. exf5 gxf5 78. Qxc5 Qe4+ 79. Kh2 Qe2+ 80. Kh3 Qf3+ 81. Kh2 Qf4+ 82. Kh3 Qe4 83. Qf8+ Kg5 84. Qg7+ Kf4 85. Qg3# 1-0

[Event "FIDE World Uni Blitz-C 1st"]
[Site "Tornelo INT"]
[Date "2021.03.13"]
[Round "2.22"]
[White "Bencomo, Murga Francisco"]
[Black "Fontaine, Quentin"]
[Result "0-1"]
[WhiteElo "1816"]
[BlackElo "2324"]
[PlyCount "76"]
[EventDate "2021.03.13"]
[EventType "swiss (blitz)"]
[EventRounds "10"]
[EventCountry "NET"]
[SourceTitle "EXT 2022"]
[Source "ChessBase"]
[SourceDate "2021.10.06"]
[SourceVersion "1"]
[SourceVersionDate "2021.10.06"]
[SourceQuality "1"]

1. d4 Nf6 2. Nf3 b6 3. Bf4 Bb7 4. Nbd2 g6 5. e3 Bg7 6. Be2 0-0 7. 0-0 c5 8. c3 d5 9. Ne5 Nc6 10. Ndf3 Ne4 11. Nxc6 Bxc6 12. Ne5 Bb7 13. f3 Nd6 14. Bg3 Nf5 15. Bf4 f6 16. Nd3 g5 17. Bg3 Nxe3 18. Qd2 Nxf1 19. Rxf1 cxd4 20. cxd4 Rc8 21. f4 h6 22. Bd1 e6 23. Bc2 Ba6 24. Re1 Qd7 25. Nb4 Bb5 26. fxg5 hxg5 27. b3 a5 28. a4 axb4 29. axb5 Rc3 30. Bb1 Rfc8 31. Qe2 Rc1 32. h4 gxh4 33. Bxh4 f5 34. Kh2 Rxe1 35. Bxe1 Bxd4 36. Bxb4 Qh7+ 37. Kg3 Kf7 38. Kf3 Qh5+ 0-1

[Event "FIDE World Uni Blitz-C 1st"]
[Site "Tornelo INT"]
[Date "2021.03.13"]
[Round "5.42"]
[White "Fontaine, Quentin"]
[Black "Erdal, Kerem"]
[Result "1-0"]
[WhiteElo "2324"]
[BlackElo "1534"]
[PlyCount "65"]
[EventDate "2021.03.13"]
[EventType "swiss (blitz)"]
[EventRounds "10"]
[EventCountry "NET"]
[SourceTitle "EXT 2022"]
[Source "ChessBase"]
[SourceDate "2021.10.06"]
[SourceVersion "1"]
[SourceVersionDate "2021.10.06"]
[SourceQuality "1"]

1. e4 c6 2. Nf3 d5 3. Nc3 dxe4 4. Nxe4 Bg4 5. Bc4 e6 6. h3 Bxf3 7. Qxf3 Nd7 8. d4 Ngf6 9. Ng3 Be7 10. 0-0 0-0 11. c3 Nb6 12. Bb3 Nbd5 13. Re1 c5 14. dxc5 Bxc5 15. Bd2 Qb6 16. Rad1 Rfd8 17. Bg5 h6 18. Bc1 Rac8 19. Bc2 Ne7 20. b4 Bxb4 21. Rxd8+ Qxd8 22. cxb4 Rxc2 23. Bxh6 gxh6 24. Qxf6 Qd2 25. Re4 Nf5 26. Rg4+ Kf8 27. Qh8+ Ke7 28. Nxf5+ exf5 29. Qe5+ Kd8 30. Rg8+ Kd7 31. Qxf5+ Kc6 32. Rc8+ Kb6 33. Qa5# 1-0

[Event "EU-ch qual Online"]
[Site "Tornelo INT"]
[Date "2020.12.18"]
[Round "1"]
[White "Maiorov, Nikita"]
[Black "Fontaine, Quentin"]
[Result "1-0"]
[WhiteElo "2495"]
[BlackElo "2324"]
[PlyCount "91"]
[EventDate "2020.12.18"]
[EventType "swiss"]
[EventRounds "11"]
[EventCountry "POL"]
[SourceTitle "CBM 199 Extra"]
[Source "ChessBase"]
[SourceDate "2021.01.31"]
[SourceVersion "1"]
[SourceVersionDate "2021.01.31"]
[SourceQuality "1"]

1. d4 d5 2. c4 e6 3. Nc3 a6 4. cxd5 exd5 5. Nf3 Nf6 6. Bg5 Be6 7. e3 Nbd7 8. Bd3 Bd6 9. h3 c6 10. 0-0 Qc7 11. Qd2 0-0 12. Bf4 Rfe8 13. Rac1 g6 14. Bxd6 Qxd6 15. Rfe1 Rac8 16. a3 c5 17. dxc5 Nxc5 18. Bc2 Qb6 19. Qd4 Ncd7 20. Rb1 Rc4 21. Qxb6 Nxb6 22. Nd4 Rec8 23. f3 R4c7 24. Bd3 Nc4 25. Bxc4 dxc4 26. a4 Bd7 27. e4 Rc5 28. Kf2 b5 29. axb5 axb5 30. Na2 Ra8 31. Nb4 Ra4 32. Ndc2 Rc8 33. Red1 Be6 34. Ra1 Rca8 35. Rxa4 Rxa4 36. Ke3 Nd7 37. Kd4 Kf8 38. f4 Ke7 39. g4 f6 40. Kc3 g5 41. Nc6+ Ke8 42. Rd6 Bf7 43. e5 fxe5 44. fxe5 Bg6 45. e6 b4+ 46. N2xb4 1-0

[Event "BEL-chT 1920"]
[Site "Belgium"]
[Date "2020.02.16"]
[Round "8.3"]
[White "Leenhouts, Koen"]
[Black "Fontaine, Quentin"]
[Result "1/2-1/2"]
[WhiteElo "2411"]
[BlackElo "2335"]
[PlyCount "91"]
[EventDate "2019.09.29"]
[EventType "team-tourn"]
[EventRounds "11"]
[EventCountry "BEL"]
[SourceTitle "CBM 195 Extra"]
[Source "ChessBase"]
[SourceDate "2020.05.31"]
[SourceVersion "1"]
[SourceVersionDate "2020.05.31"]
[SourceQuality "1"]
[WhiteTeam "KBSK Brugge"]
[BlackTeam "Fontaine"]
[WhiteTeamCountry "BEL"]
[BlackTeamCountry "BEL"]

1. d4 d5 2. c4 e6 3. Nf3 a6 4. Bg5 Be7 5. Bxe7 Qxe7 6. Nbd2 Nf6 7. g3 0-0 8. Bg2 c5 9. cxd5 exd5 10. dxc5 Qxc5 11. 0-0 Nc6 12. Nb3 Qb6 13. Nfd4 Re8 14. Rc1 Bg4 15. h3 Nxd4 16. Nxd4 Bh5 17. b3 Ne4 18. Bf3 Bxf3 19. exf3 Ng5 20. Kg2 Rad8 21. Qd2 Ne6 22. Rfd1 g6 23. Nxe6 Rxe6 24. Rc4 Rde8 25. Rb4 Qa7 26. Qxd5 Re2 27. Rf1 b5 28. a4 R8e5 29. Qd8+ Re8 30. Qd5 R8e5 31. Qd8+ Re8 32. Qd6 R8e6 33. Qf4 bxa4 34. bxa4 Rc2 35. Rb8+ Kg7 36. Qb4 Qc5 37. Qxc5 Rxc5 38. Rb2 Rd6 39. Re1 Rd4 40. Re4 Rxe4 41. fxe4 Rc4 42. e5 Rxa4 43. Rb7 Kg8 44. f4 h5 45. h4 Ra2+ 46. Kh3 1/2-1/2

[Event "BEL-chT 1819"]
[Site "Belgium"]
[Date "2019.04.07"]
[Round "11.5"]
[White "Litwak, Aleksej"]
[Black "Fontaine, Quentin"]
[Result "1/2-1/2"]
[WhiteElo "2277"]
[BlackElo "2333"]
[PlyCount "34"]
[EventDate "2018.09.30"]
[EventType "team-tourn"]
[EventRounds "11"]
[EventCountry "BEL"]
[SourceTitle "CBM 189 Extra"]
[Source "ChessBase"]
[SourceDate "2019.06.03"]
[SourceVersion "1"]
[SourceVersionDate "2019.06.03"]
[SourceQuality "1"]
[WhiteTeam "KSK47 Eynatten"]
[BlackTeam "Fontaine"]
[WhiteTeamCountry "BEL"]
[BlackTeamCountry "BEL"]

1. e4 c5 2. Nf3 e6 3. d4 cxd4 4. Nxd4 Nc6 5. Nc3 Qc7 6. Ndb5 Qb8 7. Be3 Nf6 8. f4 a6 9. e5 axb5 10. exf6 gxf6 11. Nxb5 b6 12. Bd3 Bc5 13. Qf3 Ra4 14. 0-0 Rxf4 15. Qxf4 Qxf4 16. Bxc5 Qe5 17. Ba3 Qe3+ 1/2-1/2